[Event "Sandefjord"]
[Site "?"]
[Date "2003.01.27"]
[Round "3"]
[White "Nielsen Lars Erik"]
[Black "Gregersen Olav"]
[Result "1-0"]
[WhiteElo "1391"]
[BlackElo "1167"]
[PlyCount "59"]
[EventDate "2003.??.??"]
[Source "www.chesslib.no"]
[SourceDate "2004.05.04"]

1. e4 e5 2. Nf3 Nc6 3. Bc4 Nf6 4. Ng5 d5 5. exd5 Nxd5 6. Nxf7 Qd7 7. Nxh8 Nf6 8. Bf7+ Kd8 9. Bb3 b6 10. Nf7+ Ke8 11. Qe2 e4 12. Ba4 Bb7 13. Qc4 a6 14. Bxc6 Bxc6 15. Ne5 Qd5 16. Qxc6+ Qxc6 17. Nxc6 Bc5 18. h3 Kd7 19. Ne5+ Ke6 20. Ng4 Rf8 21. Nxf6 Rxf6 22. O-O h5 23. Nc3 Ke5 24. Na4 Bd6 25. b3 Kf5 26. Bb2 Rg6 27. Rae1 b5 28. Nc3 Be5 29. Ba1 Rd6 30. Nxe4 1-0

[Event "Sherbrooke"]
[Site "?"]
[Date "2004.10.22"]
[Round "6"]
[White "Veronneau Daniel"]
[Black "Benoit Andre"]
[Result "0-1"]
[WhiteElo "1167"]
[BlackElo "1384"]
[PlyCount "32"]
[EventDate "2004.??.??"]
[Source "www.chesslib.no"]
[SourceDate "2004.05.04"]

1. e4 e5 2. Nf3 Nc6 3. Bc4 Nf6 4. Ng5 d5 5. exd5 Nxd5 6. Nxf7 Qh4 7. Bxd5 e4 8. Bxc6+ bxc6 9. Nxh8 Bg4 10. g3 Qg5 11. f4 Qh5 12. Qxg4 Qxg4 13. O-O Bc5+ 14. Kh1 Qe2 15. Rg1 Qf3+ 16. Rg2 Qf1+ 0-1

[Event "Sherbrooke"]
[Site "?"]
[Date "2004.05.30"]
[Round "5"]
[White "Belanger Jean-Sebastien"]
[Black "Laplante Guy"]
[Result "1-0"]
[WhiteElo "1336"]
[BlackElo "1197"]
[PlyCount "50"]
[EventDate "2004.??.??"]
[Source "www.chesslib.no"]
[SourceDate "2004.05.04"]

1. e4 e5 2. Nf3 Nc6 3. Bc4 Nf6 4. Ng5 d5 5. exd5 Nxd5 6. Nxf7 Kxf7 7. Qf3+ Ke8 8. Bxd5 Bf5 9. Bxc6+ bxc6 10. Qxf5 Bd6 11. Qe6+ Kf8 12. O-O h5 13. d3 Qf6 14. Qc4 c5 15. f4 Ke7 16. fxe5 Qxe5 17. Bf4 Qxb2 18. Bxd6+ cxd6 19. Rf7+ Kd8 20. Qe6 Qc1+ 21. Kf2 Qxc2+ 22. Ke3 Qc1+ 23. Ke2 Qb2+ 24. Kf3 Qb5 25. Qe7+ Kc8 1-0

[Event "Corr"]
[Site "?"]
[Date "2003.03.19"]
[Round "?"]
[White "Alme Hank"]
[Black "Mugica Emiliano"]
[Result "0-1"]
[WhiteElo "1265"]
[BlackElo "1262"]
[PlyCount "46"]
[EventDate "2003.??.??"]
[Source "www.chesslib.no"]
[SourceDate "2004.05.04"]

1. e4 e5 2. Nf3 Nc6 3. Bc4 Nf6 4. Ng5 d5 5. exd5 Nxd5 6. Nxf7 Kxf7 7. Qf3+ Ke6 8. Nc3 Ncb4 9. Qe4 c6 10. d4 Qf6 11. Bf4 Qxf4 12. Qxf4 exf4 13. O-O Nxc2 14. Rac1 Nxd4 15. Rcd1 b5 16. Bb3 Nxb3 17. axb3 Nxc3 18. bxc3 Bc5 19. b4 Bd6 20. Rfe1+ Be5 21. Re2 Kf6 22. Rc1 Rd8 23. Rce1 Bxc3 0-1

[Event "Moehnesee"]
[Site "?"]
[Date "2005.08.19"]
[Round "2"]
[White "Schauerte Benedikt"]
[Black "Schroeer Jan Erik"]
[Result "0-1"]
[WhiteElo "1461"]
[BlackElo "1035"]
[PlyCount "60"]
[EventDate "2005.??.??"]
[Source "www.chesslib.no"]
[SourceDate "2004.05.04"]

1. e4 e5 2. Nf3 Nc6 3. Bc4 Nf6 4. Ng5 d5 5. exd5 Nxd5 6. Nxf7 Kxf7 7. Qf3+ Ke6 8. Nc3 Nd4 9. Nxd5 Nxf3+ 10. gxf3 Kd6 11. d3 Be6 12. Ne3 Bxc4 13. Nxc4+ Ke6 14. Rg1 g6 15. Bg5 Be7 16. Be3 Rf8 17. Nd2 Bb4 18. c3 Be7 19. d4 Rf5 20. O-O-O Qh8 21. dxe5 b6 22. f4 Bc5 23. Bxc5 bxc5 24. Ne4 Rxf4 25. Nxc5+ Kf7 26. Rd7+ Ke8 27. e6 Rf5 28. Ne4 Re5 29. Ng3 Rxe6 30. Rgd1 Rd6 0-1

[Event "Corr"]
[Site "?"]
[Date "2000.01.12"]
[Round "?"]
[White "Mujica Hector"]
[Black "Berrisford Shaun"]
[Result "1-0"]
[WhiteElo "1354"]
[BlackElo "1132"]
[PlyCount "83"]
[EventDate "2000.??.??"]
[Source "www.chesslib.no"]
[SourceDate "2004.05.04"]

1. e4 e5 2. Nf3 Nc6 3. Bc4 Nf6 4. Ng5 d5 5. exd5 Nxd5 6. Nxf7 Kxf7 7. Qf3+ Ke6 8. Nc3 Ncb4 9. Qe4 c6 10. a3 Qa5 11. Rb1 Na6 12. d4 Kd7 13. Qf5+ Kd8 14. Qxe5 Qc7 15. Nxd5 Qxe5+ 16. dxe5 cxd5 17. Bxd5 Nc7 18. Be4 Ne6 19. O-O Nc5 20. Bf3 Be7 21. b4 Na4 22. e6 Rf8 23. Re1 Bf6 24. Rb3 Ke7 25. Rd3 Rd8 26. Rxd8 Kxd8 27. c4 Ke7 28. c5 a5 29. c6 b5 30. c7 Ra7 31. Bf4 g5 32. Bg3 axb4 33. Rd1 bxa3 34. Bg4 Kf8 35. h4 a2 36. hxg5 Bxg5 37. Be5 b4 38. f4 Ra5 39. Rd8+ Ke7 40. Rd7+ Kf8 41. Bg7+ Kg8 42. Ba1 1-0

[Event "Torneo de Reyes-3"]
[Site "Los Llanos de Aridane"]
[Date "2001.01.02"]
[Round "1"]
[White "Ramos, Felipe"]
[Black "Lorenzo, Oscar"]
[Result "1-0"]
[WhiteElo "1285"]
[BlackElo "1200"]
[PlyCount "101"]
[EventDate "2001.01.02"]
[Source "www.chesslib.no"]
[SourceDate "2004.05.04"]

1. e4 e5 2. Nf3 Nc6 3. Bc4 Nf6 4. Ng5 d5 5. exd5 Nxd5 6. Nxf7 Kxf7 7. Qf3+ Ke8 8. Bxd5 Qf6 9. Qxf6 gxf6 10. c3 Ne7 11. Bb3 Bf5 12. O-O Rd8 13. Na3 a6 14. Nc2 Kd7 15. Ne3 Kc8 16. Nxf5 Nxf5 17. Bc2 Nd6 18. d3 Kb8 19. f4 exf4 20. Rxf4 Be7 21. Be3 f5 22. Bc5 Rdf8 23. Raf1 b6 24. Bxd6 Bxd6 25. Rxf5 Re8 26. R5f2 Rhf8 27. Rxf8 Bxf8 28. d4 Bd6 29. Bxh7 Re2 30. Rb1 Kb7 31. Bd3 Re3 32. Bc4 c6 33. d5 c5 34. Bb3 b5 35. a4 b4 36. Ba2 a5 37. cxb4 cxb4 38. Bc4 Kb6 39. Rc1 Be5 40. b3 Bd4 41. Kf1 Be5 42. Re1 Rxe1+ 43. Kxe1 Bxh2 44. Ke2 Bd6 45. g4 Kc5 46. Ke3 Be7 47. Kf4 Kd6 48. Kf5 Kd7 49. g5 Bxg5 50. Kxg5 Kd6 51. Kf6 1-0

[Event "IDS op-29 B"]
[Site "Dortmund"]
[Date "2001.07.15"]
[Round "3"]
[White "Kartseva, Nataly"]
[Black "Simeonidis, Marios"]
[Result "1-0"]
[WhiteElo "1054"]
[BlackElo "1413"]
[PlyCount "133"]
[EventDate "2001.07.12"]
[Source "www.chesslib.no"]
[SourceDate "2004.05.04"]

1. e4 e5 2. Nf3 Nc6 3. Bc4 Nf6 4. Ng5 d5 5. exd5 Nxd5 6. Nxf7 Kxf7 7. Qf3+ Ke8 8. Bxd5 Qf6 9. Bxc6+ Qxc6 10. Qxc6+ bxc6 11. b3 Ba6 12. Bb2 Kd7 13. Bxe5 Re8 14. d4 c5 15. Kd1 cxd4 16. Bxd4 Re2 17. c4 Re4 18. Bxa7 Bb4 19. Nd2 Re6 20. Nf3 Rhe8 21. Be3 Bb7 22. Ng5 Rd6+ 23. Kc2 h6 24. Nf3 Be4+ 25. Kb2 Rd3 26. Rad1 Bc3+ 27. Kc1 Ke6 28. Rxd3 Bxd3 29. Nd4+ Kf7 30. Nb5 Ba5 31. Rd1 Bf5 32. Rd5 Be6 33. Nd6+ cxd6 34. Rxa5 Kg8 35. c5 Rc8 36. Ra6 Bd5 37. Rxd6 Bxg2 38. b4 Bc6 39. f4 Kf7 40. Kc2 Ba4+ 41. Kc3 Re8 42. Bd4 Re2 43. c6 Re1 44. Be3 Rxe3+ 45. Kd4 Re7 46. Kc5 Bc2 47. b5 Bf5 48. a4 h5 49. b6 Bc8 50. Rd8 Ba6 51. c7 Re2 52. c8=Q Bxc8 53. Rxc8 Rc2+ 54. Kd6 Rxc8 55. b7 Rb8 56. Kc7 Re8 57. b8=Q Re7+ 58. Kc6 Re6+ 59. Kc5 Re2 60. a5 Rc2+ 61. Kd4 Rxh2 62. a6 Rd2+ 63. Ke3 Rd7 64. Qb7 Rxb7 65. axb7 Kg6 66. b8=Q Kf5 67. Qe5+ 1-0

[Event "Corr"]
[Site "?"]
[Date "2004.02.05"]
[Round "?"]
[White "Campbell Christopher"]
[Black "Harper Roy"]
[Result "0-1"]
[WhiteElo "1243"]
[BlackElo "1214"]
[PlyCount "64"]
[EventDate "2004.??.??"]
[Source "www.chesslib.no"]
[SourceDate "2004.05.04"]

1. e4 e5 2. Nf3 Nc6 3. Bc4 Nf6 4. Ng5 d5 5. exd5 Nxd5 6. Nxf7 Kxf7 7. Qf3+ Ke6 8. Nc3 Ncb4 9. Qe4 c6 10. a3 b5 11. Bb3 Na6 12. d4 Nac7 13. Bf4 Kf7 14. dxe5 Be6 15. O-O-O a5 16. Qf3 Kg8 17. Nxd5 cxd5 18. h4 a4 19. Ba2 b4 20. axb4 Bxb4 21. Rd4 Bc5 22. Rd2 a3 23. b3 d4 24. c3 Rc8 25. Qg3 Nb5 26. Bg5 Qc7 27. c4 Nc3 28. Re1 Bb4 29. Rg1 Bxc4 30. bxc4 Nxa2+ 31. Rxa2 Qxc4+ 32. Kb1 d3 0-1

[Event "GER-chT U12"]
[Site "?"]
[Date "2001.12.27"]
[Round "1.3"]
[White "Hartung Florian"]
[Black "Helle Philipp"]
[Result "1-0"]
[WhiteElo "1173"]
[BlackElo "1266"]
[PlyCount "57"]
[EventDate "2001.??.??"]
[Source "www.chesslib.no"]
[SourceDate "2004.05.04"]

1. e4 e5 2. Nf3 Nc6 3. Bc4 Nf6 4. Ng5 d5 5. exd5 Nxd5 6. Nxf7 Kxf7 7. Qf3+ Ke6 8. Qe4 Bc5 9. Nc3 Ncb4 10. a3 Nxc2+ 11. Qxc2 c6 12. Qe4 b5 13. Bb3 Bb7 14. Qg4+ Kf7 15. Qf5+ Kg8 16. Ne4 Bd4 17. Bc2 Bc8 18. Qf3 Qh4 19. Nd6 Be6 20. O-O Rf8 21. Qg3 Qe7 22. Ne4 a5 23. d3 Nf4 24. Bxf4 exf4 25. Qg5 Qxg5 26. Nxg5 Bd7 27. Rfe1 Bxb2 28. Ra2 Bd4 29. Bb3+ 1-0

[Event "Calvi FRA, Youth Ch 2005"]
[Site "?"]
[Date "2005.??.??"]
[Round "6.2"]
[White "Bellaiche Elise"]
[Black "Joudelat Noemie"]
[Result "1-0"]
[WhiteElo "1320"]
[BlackElo "1110"]
[PlyCount "61"]
[EventDate "2005.??.??"]
[Source "www.chesslib.no"]
[SourceDate "2004.05.04"]

1. e4 e5 2. Nf3 Nc6 3. Bc4 Nf6 4. Ng5 d5 5. exd5 Nxd5 6. Nxf7 Qd7 7. Nxh8 Bc5 8. Qf3 Ncb4 9. Kd1 b6 10. a3 Nc6 11. Bxd5 Bb7 12. Bf7+ Kd8 13. Qd3 Nd4 14. Qxh7 Ke7 15. Qh4+ Kd6 16. Qh5 Ne6 17. Qg6 Bd5 18. Nc3 Kc6 19. Nxd5 Qxd5 20. Bxe6 Qd6 21. Nf7 Qe7 22. Qe4+ Kb5 23. Qc4+ Kc6 24. Nxe5+ Kb7 25. Qd5+ Ka6 26. Qc4+ Kb7 27. Bd5+ c6 28. Bxc6+ Kc7 29. Qa6 Qxe5 30. Qb7+ Kd8 31. Qd7# 1-0

[Event "FRA-chT U20 0203"]
[Site "?"]
[Date "2003.01.04"]
[Round "5.9"]
[White "Vieillot Colin"]
[Black "Genin Alexandre"]
[Result "1-0"]
[WhiteElo "1009"]
[BlackElo "1410"]
[PlyCount "81"]
[EventDate "2003.??.??"]
[Source "www.chesslib.no"]
[SourceDate "2004.05.04"]

1. e4 e5 2. Nf3 Nc6 3. Bc4 Nf6 4. Ng5 d5 5. exd5 Nxd5 6. Nxf7 Kxf7 7. Qf3+ Ke8 8. Bxd5 Qe7 9. Bxc6+ bxc6 10. Qxc6+ Kd8 11. Qxa8 Qf6 12. O-O Bd6 13. Qd5 Be6 14. Qa8+ Bc8 15. Nc3 Qh4 16. h3 Bc5 17. Qd5+ Bd6 18. Ne4 Ke7 19. Nxd6 cxd6 20. Qf3 Rf8 21. Qg3 Qh6 22. d4 g5 23. Bxg5+ Qf6 24. Bxf6+ Kxf6 25. dxe5+ dxe5 26. Qf3+ Ke7 27. Rfe1 Rxf3 28. gxf3 Bxh3 29. Rxe5+ Kf6 30. Rae1 a6 31. Rh5 Bf5 32. Rxf5+ Kxf5 33. c4 h5 34. c5 h4 35. c6 h3 36. Kh2 a5 37. c7 a4 38. c8=Q+ Kf4 39. Qf8+ Kg5 40. Rg1+ Kh4 41. Qh8# 1-0

[Event "Montigny II Tournoi de Noel"]
[Site "Montigny"]
[Date "1999.12.21"]
[Round "5"]
[White "Bezivin, Joelle"]
[Black "Rivier, Hermann"]
[Result "0-1"]
[WhiteElo "1150"]
[BlackElo "1170"]
[PlyCount "76"]
[EventDate "1999.12.17"]
[Source "www.chesslib.no"]
[SourceDate "2004.05.04"]

1. e4 e5 2. Nf3 Nc6 3. Bc4 Nf6 4. Ng5 d5 5. exd5 Nxd5 6. Nxf7 Qd7 7. Qf3 Nd4 8. Qh5 Nf4 9. Nxe5+ g6 10. Bf7+ Qxf7 11. Nxf7 Nxh5 12. Nxh8 Nxc2+ 13. Ke2 Bg7 14. Re1 Nxa1 15. Kd3+ Kf8 16. b3 Bf5+ 17. Ke2 Re8+ 18. Kf1 Rxe1+ 19. Kxe1 Bxb1 20. a3 Be5 21. h3 Nf4 22. Kf1 Bd3+ 23. Kg1 Ne2+ 24. Kh1 Nxc1 25. g3 Naxb3 26. Kg2 Nxd2 27. f4 Bf6 28. Kf2 c5 29. Ke3 Nf1+ 30. Kf3 c4 31. h4 c3 32. Kg4 Bf5+ 33. Kf3 Nd3 34. Ke2 Nxg3+ 35. Kf3 Bxh4 36. Ke3 c2 37. Kd4 c1=Q 38. Kd5 Qc5# 0-1

[Event "ACT-ch Tuggeranong Vikings"]
[Site "?"]
[Date "1998.08.03"]
[Round "1"]
[White "Ramakrishna Gogulapati"]
[Black "Tran Nguyen"]
[Result "1-0"]
[WhiteElo "1592"]
[BlackElo "675"]
[PlyCount "39"]
[EventDate "1998.??.??"]
[Source "www.chesslib.no"]
[SourceDate "2004.05.04"]

1. e4 e5 2. Nf3 Nc6 3. Bc4 Nf6 4. Ng5 d5 5. exd5 Nxd5 6. Nxf7 Kxf7 7. Qf3+ Ke6 8. Nc3 Nce7 9. d4 Qd6 10. O-O g6 11. dxe5 Qxe5 12. Bf4 Qf5 13. Rfe1+ Kf6 14. Be5+ Kf7 15. Nxd5 Nxd5 16. Bxd5+ Be6 17. Bxe6+ Kxe6 18. Bxh8+ Kf7 19. Qb3+ Qe6 20. Qxe6# 1-0

[Event "Regensburg RT-Halle"]
[Site "?"]
[Date "2004.04.05"]
[Round "5.15"]
[White "Sperber Michael"]
[Black "Brack Sergej"]
[Result "1-0"]
[WhiteElo "1475"]
[BlackElo "784"]
[PlyCount "41"]
[EventDate "2004.??.??"]
[Source "www.chesslib.no"]
[SourceDate "2004.05.04"]

1. e4 e5 2. Nf3 Nc6 3. Bc4 Nf6 4. Ng5 d5 5. exd5 Nxd5 6. Nxf7 Kxf7 7. Qf3+ Ke6 8. Nc3 Nce7 9. O-O c6 10. Re1 b5 11. Bb3 a5 12. d4 Ng6 13. Ne4 Be7 14. c4 bxc4 15. Bxc4 Bb7 16. dxe5 Nxe5 17. Qh3+ Kf7 18. Qf5+ Bf6 19. Ng5+ Kg8 20. Rxe5 Bc8 21. Rxd5 1-0

[Event "GER-chT U12"]
[Site "?"]
[Date "2001.12.28"]
[Round "3.4"]
[White "Kindler Nico"]
[Black "Gross Maximilian"]
[Result "1-0"]
[WhiteElo "1324"]
[BlackElo "902"]
[PlyCount "23"]
[EventDate "2001.??.??"]
[Source "www.chesslib.no"]
[SourceDate "2004.05.04"]

1. e4 e5 2. Nf3 Nc6 3. Bc4 Nf6 4. Ng5 d5 5. exd5 Nxd5 6. Nxf7 Kxf7 7. Qf3+ Ke6 8. Nc3 Ncb4 9. Qg4+ Ke7 10. Qg5+ Nf6 11. Qxe5+ Be6 12. Qxe6# 1-0

[Event "GER tt 3 Lands "]
[Site "?"]
[Date "2001.05.27"]
[Round "3.5"]
[White "Stoeckl Christian"]
[Black "Becker Erik"]
[Result "0-1"]
[WhiteElo "1144"]
[BlackElo "1077"]
[PlyCount "114"]
[EventDate "2001.??.??"]
[Source "www.chesslib.no"]
[SourceDate "2004.05.04"]

1. e4 e5 2. Nf3 Nc6 3. Bc4 Nf6 4. Ng5 d5 5. exd5 Nxd5 6. Nxf7 Kxf7 7. Qf3+ Ke6 8. O-O Nd4 9. Qe4 Nxc2 10. f4 Bc5+ 11. Kh1 Qd6 12. Qxc2 Ke7 13. Qe4 Nf6 14. Qxe5+ Qxe5 15. fxe5 Ne4 16. Rf7+ Kd8 17. Nc3 Nf2+ 18. Kg1 Ng4+ 19. Kf1 Nxe5 20. Rf4 Nxc4 21. Rxc4 Bd6 22. d3 Rf8+ 23. Ke1 Be6 24. Bg5+ Kd7 25. Re4 Bf5 26. Re3 h6 27. Bh4 Rae8 28. Rxe8 Rxe8+ 29. Kd2 Bf4+ 30. Kc2 Bxh2 31. Rf1 Be6 32. g3 g5 33. Rh1 gxh4 34. Rxh2 hxg3 35. Rg2 Rg8 36. Ne4 Kc6 37. Rxg3 Rxg3 38. Nxg3 Kd5 39. Kd2 Ke5 40. b3 Kf4 41. Nh5+ Kf3 42. Nf6 Bg4 43. Ke1 h5 44. Kf1 h4 45. Kg1 Bf5 46. d4 h3 47. Kh2 Ke2 48. a4 Kd3 49. d5 Kc3 50. Ne8 Kxb3 51. Nxc7 Kxa4 52. d6 b5 53. Na6 b4 54. Nc5+ Ka3 55. Nd3 b3 56. Kg3 b2 57. Nxb2 Kxb2 0-1

[Event "Corr"]
[Site "?"]
[Date "2002.04.14"]
[Round "?"]
[White "Etherington Murray"]
[Black "Marraro Enzo"]
[Result "1-0"]
[WhiteElo "1082"]
[BlackElo "1111"]
[PlyCount "27"]
[EventDate "2002.??.??"]
[Source "www.chesslib.no"]
[SourceDate "2004.05.04"]

1. e4 e5 2. Nf3 Nc6 3. Bc4 Nf6 4. Ng5 d5 5. exd5 Nxd5 6. Nxf7 Kxf7 7. Qf3+ Ke6 8. Nc3 Ncb4 9. Qe4 c6 10. a3 b5 11. Bb3 Nxc2+ 12. Qxc2 Bc5 13. Ne4 Bb6 14. Qxc6+ 1-0

[Event "GER North-ch U12"]
[Site "?"]
[Date "2001.10.02"]
[Round "5.8"]
[White "Buncke Constantin"]
[Black "Bazz Malik"]
[Result "1-0"]
[WhiteElo "1238"]
[BlackElo "921"]
[PlyCount "103"]
[EventDate "2001.??.??"]
[Source "www.chesslib.no"]
[SourceDate "2004.05.04"]

1. e4 e5 2. Nf3 Nc6 3. Bc4 Nf6 4. Ng5 d5 5. exd5 Nxd5 6. Nxf7 Kxf7 7. Qf3+ Ke8 8. Bxd5 Qd7 9. Bxc6 Qxc6 10. Qxc6+ bxc6 11. O-O Bd6 12. Nc3 Bf5 13. d3 g6 14. f4 Kd7 15. Bd2 Rae8 16. fxe5 Bxe5 17. Rae1 Bd4+ 18. Kh1 Rxe1 19. Rxe1 Bxc3 20. Bxc3 Re8 21. Rxe8 Kxe8 22. h3 Be6 23. a3 a6 24. g4 h5 25. gxh5 gxh5 26. h4 Kd7 27. Kh2 Bg4 28. Be5 Bd1 29. c3 Bg4 30. Kg3 Be2 31. d4 Bg4 32. Kf4 Kd8 33. Ke4 Be2 34. d5 Bb5 35. dxc6 Bxc6+ 36. Kd4 Kd7 37. Kc5 Bb5 38. c4 Bc6 39. b4 Bb7 40. a4 c6 41. Kb6 Kc8 42. Bc7 Ba8 43. Ka7 Bb7 44. Bb6 c5 45. Bxc5 Kc7 46. Bd6+ Kc8 47. b5 axb5 48. cxb5 Be4 49. b6 Bd5 50. a5 Bb7 51. a6 Bxa6 52. Kxa6 1-0

[Event "Willingen GER, Ch U10 2005"]
[Site "?"]
[Date "2005.05.15"]
[Round "1"]
[White "Matschewsky Justus"]
[Black "Marx Inga"]
[Result "1-0"]
[WhiteElo "1235"]
[BlackElo "920"]
[PlyCount "47"]
[EventDate "2005.??.??"]
[Source "www.chesslib.no"]
[SourceDate "2004.05.04"]

1. e4 e5 2. Nf3 Nc6 3. Bc4 Nf6 4. Ng5 d5 5. exd5 Nxd5 6. Nxf7 Qd7 7. Nxh8 Bc5 8. O-O Nd4 9. Qh5+ Kd8 10. Nf7+ Ke7 11. Nxe5 Qe6 12. Nc3 c6 13. Nf3 b6 14. Re1 Nxc2 15. Rxe6+ Kxe6 16. Bxd5+ cxd5 17. Qxd5+ Ke7 18. Qxa8 Nxa1 19. Qxc8 Bd6 20. Nd5+ Kf7 21. Qd7+ Kf8 22. Qxd6+ Kg8 23. Ne5 Nc2 24. Qd8# 1-0

[Event "South Lyon, MI"]
[Site "?"]
[Date "2003.03.09"]
[Round "5"]
[White "Gurski Erin"]
[Black "Morley Sarah"]
[Result "1-0"]
[WhiteElo "1337"]
[BlackElo "740"]
[PlyCount "45"]
[EventDate "2003.??.??"]
[Source "www.chesslib.no"]
[SourceDate "2004.05.04"]

1. e4 e5 2. Nf3 Nc6 3. Bc4 Nf6 4. Ng5 d5 5. exd5 Nxd5 6. Nxf7 Kxf7 7. Qf3+ Qf6 8. Bxd5+ Ke7 9. Qxf6+ Kxf6 10. Bxc6 bxc6 11. d3 Bb4+ 12. Bd2 Bxd2+ 13. Nxd2 Rb8 14. O-O-O Bg4 15. f3 Bh5 16. Rhe1 Rhe8 17. Ne4+ Kf5 18. g4+ Bxg4 19. fxg4+ Kxg4 20. Rg1+ Kh3 21. Rxg7 Rh8 22. Nf2+ Kxh2 23. Rh1# 1-0